| 000 | 00449nab a2200145Ia 4500 | ||
|---|---|---|---|
| 003 | ES-SlBCS | ||
| 005 | 20210601124327.0 | ||
| 008 | 140529s1997 xxu||||| |||| 00| 0 eng d | ||
| 041 | _aeng | ||
| 100 | 1 |
_aBoler, Megan _9139828 |
|
| 245 | 0 | 0 |
_aDisciplined Emotions. Philosophies of Educated Feelings _c Megan Boler |
| 650 | 0 | 4 |
_aEducación Afectiva _9139829 |
| 773 | 0 |
_tEducational Theory _gvol. 47, nº. 1, 1997, págs. 203-227 _wRev1399 |
|
| 942 | _cAR | ||
| 999 |
_c513007 _d513007 |
||